000 00475nam a2200157 a 4500
001 000030530
005 20250207101102.0
008 110523s1993 dr 000 | spa d
040 _aDO-SdBNP
_bspa
_cBNPHU
082 _axxx
_bT266r
100 1 _aTejera, Eduardo J
_b1947-
_910749
245 1 4 _aLas reformas estructurales dominicanas :
_bla nueva agenda /
_cEduardo J. Tejera.
260 _aSanto Domingo :
_bAlfa & Omega,
_c1993.
300 _a240 p. ;
_c23 cm.
049 _aBNPD
999 _c30022
_d30022